Diccionario de sinónimos antónimos e ideas afines
Gorde:
| Egile nagusia: | |
|---|---|
| Formatua: | Liburua |
| Hizkuntza: | Undetermined |
| Argitaratua: |
Distrito Federal, México
Ediciones Larousse
2000
|
| Gaiak: | |
| Etiketak: |
Etiketa erantsi
Etiketarik gabe, Izan zaitez lehena erregistro honi etiketa jartzen!
|
MARC
| LEADER | 00000nam a2200000Ia 4500 | ||
|---|---|---|---|
| 008 | 170316s9999 xx 000 0 und d | ||
| 040 | |a cru BVZT | ||
| 090 | |a R-413 A-1d SIN-ANT ESP | ||
| 100 | |a Alboukrek, Aarón; Fuentes S., Gloria | ||
| 245 | |a Diccionario de sinónimos antónimos e ideas afines | ||
| 260 | |a Distrito Federal, México | ||
| 260 | |b Ediciones Larousse | ||
| 260 | |c 2000 | ||
| 300 | |a ix, 562 páginas | ||
| 650 | 0 | |a REFERENCIA |9 27 | |
| 650 | 0 | |a ESPAÑOL |9 48 | |
| 650 | 0 | |a DICCIONARIO |9 28 | |
| 650 | 0 | |a SINÓNIMOS-ANTÓNIMOS |9 49 | |
| 942 | |c REF |2 z | ||
| 999 | |c 15064 |d 15064 | ||
